|
|
|
|
| LEADER |
01415nam a2200265 u 4500 |
| 001 |
10018755 |
| 003 |
upatras |
| 005 |
20240520104223.0 |
| 008 |
881025s1997 gr gre |
| 040 |
|
|
|a GR-PaULI
|c GR-PaULI
|
| 041 |
0 |
|
|a gre
|
| 082 |
0 |
4 |
|a 889.07
|
| 100 |
1 |
|
|a Γιατρομανωλάκης, Γιώργης Ν.,
|d 1940-
|9 180757
|
| 245 |
1 |
0 |
|a Ανδρέας Εμπειρίκος
|b ο ποιητής του έρωτα και του νόστου
|c Γιατρομανωλάκης Γιώργης
|
| 260 |
|
|
|a Αθήνα
|b Κέδρος
|c 1997
|
| 300 |
|
|
|a 212 σ.
|c 22 εκ
|
| 505 |
1 |
|
|a Περιλαμβάνει πίνακες
|
| 650 |
|
4 |
|a Νεοελληνική λογοτεχνία
|x Λόγοι, δοκίμια, διαλέξεις
|9 1048
|
| 600 |
1 |
0 |
|a Εμπειρίκος, Ανδρέας,
|d 1901-1975
|9 27779
|
| 852 |
|
|
|a GR-PaULI
|b ΠΑΤΡΑ
|b ΒΚΠ
|b ΒΣ2
|k ΑΣΧΕ
|h 889.07 ΓΙΑ
|m 32085
|p 025000062415
|t 1
|
| 852 |
|
|
|a GR-PaULI
|b ΠΑΤΡΑ
|b ΒΚΠ
|b ΒΣ2
|k ΑΣΧΕ
|h 889.07 ΓΙΑ
|m 32592
|p 025000062414
|t 2
|
| 942 |
|
|
|2 ddc
|c BK15
|
| 952 |
|
|
|0 0
|1 0
|4 0
|6 889_070000000000000_ΓΙΑ
|7 0
|9 172453
|a LISP
|b LISP
|c BSC
|d 2016-04-24
|i 32085
|l 0
|o 889.07 ΓΙΑ
|p 025000062415
|r 2016-04-24 00:00:00
|t 1
|w 2016-04-24
|y BK15
|
| 952 |
|
|
|0 0
|1 0
|4 0
|6 889_070000000000000_ΓΙΑ
|7 0
|9 172454
|a LISP
|b LISP
|c BSC
|d 2016-04-24
|i 32592
|l 1
|m 1
|o 889.07 ΓΙΑ
|p 025000062414
|r 2017-11-24 00:00:00
|s 2017-10-27
|t 2
|w 2016-04-24
|y BK15
|
| 999 |
|
|
|c 107954
|d 107954
|